[Event "2012 U.S. Women's Championship"]
[Site "Saint Louis, MO, USA"]
[Date "2012.05.19"]
[Round "9.3"]
[White "Zatonskih, Anna"]
[Black "Abrahamyan, Tatev"]
[Result "1-0"]
[LiveChessVersion "1.3.1"]
[BlackElo "2329"]
[WhiteElo "2510"]

1. d4 {[%clk 1:30:54]} Nf6 {[%clk 1:30:56]} 2. Nf3 {[%clk 1:31:12]} g6
{[%clk 1:31:22]} 3. g3 {[%clk 1:30:58]} Bg7 {[%clk 1:31:47]} 4. Bg2
{[%clk 1:31:20]} O-O {[%clk 1:32:11]} 5. c4 {[%clk 1:31:35]} d6 {[%clk 1:32:33]}
6. Nc3 {[%clk 1:31:30]} Nc6 {[%clk 1:32:36]} 7. O-O {[%clk 1:31:51]} a6
{[%clk 1:32:47]} 8. Bf4 {[%clk 1:31:28]} Bd7 {[%clk 1:31:28]} 9. Re1
{[%clk 1:06:28]} Re8 {[%clk 1:24:24]} 10. d5 {[%clk 0:51:54]} Na5
{[%clk 1:20:38]} 11. b3 {[%clk 0:50:07]} c5 {[%clk 1:13:45]} 12. Rc1
{[%clk 0:45:43]} b5 {[%clk 1:11:32]} 13. Qd3 {[%clk 0:44:10]} Rb8
{[%clk 0:47:55]} 14. e4 {[%clk 0:37:21]} Nh5 {[%clk 0:42:52]} 15. Bd2
{[%clk 0:35:11]} Qc7 {[%clk 0:29:56]} 16. h3 {[%clk 0:31:59]} b4 {[%clk 0:25:30]}
17. Nd1 {[%clk 0:29:06]} e5 {[%clk 0:24:51]} 18. dxe6 {[%clk 0:26:20]} Bxe6
{[%clk 0:24:09]} 19. Ne3 {[%clk 0:25:02]} Nc6 {[%clk 0:21:25]} 20. Nd5
{[%clk 0:25:11]} Qd7 {[%clk 0:16:16]} 21. g4 {[%clk 0:24:53]} Nf6
{[%clk 0:16:21]} 22. Bg5 {[%clk 0:25:07]} Bxd5 {[%clk 0:13:47]} 23. cxd5
{[%clk 0:25:04]} Nd4 {[%clk 0:13:44]} 24. Nxd4 {[%clk 0:16:14]} cxd4
{[%clk 0:14:10]} 25. Red1 {[%clk 0:15:05]} Rbc8 {[%clk 0:12:05]} 26. Rc6
{[%clk 0:14:27]} h6 {[%clk 0:07:20]} 27. Bh4 {[%clk 0:09:48]} Nh7
{[%clk 0:06:25]} 28. Rdc1 {[%clk 0:08:18]} Be5 {[%clk 0:04:59]} 29. f3
{[%clk 0:08:17]} Rxc6 {[%clk 0:03:55]} 30. dxc6 {[%clk 0:08:34]} Qa7
{[%clk 0:03:52]} 31. Bf1 {[%clk 0:07:58]} g5 {[%clk 0:03:00]} 32. Bf2
{[%clk 0:07:53]} Nf8 {[%clk 0:01:38]} 33. Qxa6 {[%clk 0:07:51]} Qe7
{[%clk 0:01:28]} 34. c7 {[%clk 0:05:49]} Qf6 {[%clk 0:01:44]} 35. c8=Q
{[%clk 0:05:49]} Rxc8 {[%clk 0:02:10]} 36. Rxc8 {[%clk 0:04:50]} Qf4
{[%clk 0:02:33]} 37. Bg2 {[%clk 0:05:10]} Kg7 {[%clk 0:02:41]} 38. Rxf8
{[%clk 0:02:04]} Kxf8 {[%clk 0:02:55]} 39. Qc8+ {[%clk 0:01:48]} Kg7
{[%clk 0:03:13]} 40. Qc2 {[%clk 0:32:02]} 1-0

[Event "2012 U.S. Women's Championship"]
[Site "Saint Louis, MO, USA"]
[Date "2012.05.19"]
[Round "9.4"]
[White "Kats, Alena"]
[Black "Goletiani, Rusudan"]
[Result "0-1"]
[LiveChessVersion "1.3.1"]
[BlackElo "2333"]
[WhiteElo "2137"]

1. e4 {[%clk 1:30:57]} c5 {[%clk 1:30:53]} 2. Nf3 {[%clk 1:31:21]} e6
{[%clk 1:31:11]} 3. d4 {[%clk 1:31:46]} cxd4 {[%clk 1:31:37]} 4. Nxd4
{[%clk 1:32:12]} a6 {[%clk 1:32:04]} 5. Bd3 {[%clk 1:32:32]} Qb6 {[%clk 1:32:22]}
6. Nb3 {[%clk 1:32:15]} Qc7 {[%clk 1:32:28]} 7. Nc3 {[%clk 1:31:23]} Nf6
{[%clk 1:31:52]} 8. O-O {[%clk 1:29:37]} d6 {[%clk 1:29:48]} 9. a4
{[%clk 1:27:33]} b6 {[%clk 1:28:39]} 10. Qe2 {[%clk 1:21:13]} Be7
{[%clk 1:26:17]} 11. f4 {[%clk 1:19:20]} Nbd7 {[%clk 1:25:57]} 12. Bd2
{[%clk 1:18:14]} O-O {[%clk 1:19:45]} 13. Rae1 {[%clk 1:15:22]} e5
{[%clk 1:09:29]} 14. f5 {[%clk 1:13:32]} Bb7 {[%clk 1:06:34]} 15. g4
{[%clk 1:08:08]} d5 {[%clk 1:03:38]} 16. g5 {[%clk 1:05:53]} Nxe4
{[%clk 1:00:26]} 17. Bxe4 {[%clk 0:45:53]} dxe4 {[%clk 1:00:37]} 18. Be3
{[%clk 0:46:01]} Bb4 {[%clk 0:55:39]} 19. f6 {[%clk 0:36:26]} Rac8
{[%clk 0:39:17]} 20. Rd1 {[%clk 0:34:36]} Bxc3 {[%clk 0:37:19]} 21. bxc3
{[%clk 0:35:04]} Kh8 {[%clk 0:25:14]} 22. fxg7+ {[%clk 0:25:02]} Kxg7
{[%clk 0:24:53]} 23. Qh5 {[%clk 0:24:05]} Rcd8 {[%clk 0:18:25]} 24. Qh3
{[%clk 0:19:49]} Bc8 {[%clk 0:15:51]} 25. g6 {[%clk 0:09:55]} fxg6
{[%clk 0:13:28]} 26. Bh6+ {[%clk 0:09:59]} Kh8 {[%clk 0:13:08]} 27. Bxf8
{[%clk 0:10:06]} Nxf8 {[%clk 0:09:48]} 28. Qh4 {[%clk 0:06:08]} Rxd1
{[%clk 0:08:41]} 29. Rxd1 {[%clk 0:04:47]} Kg7 {[%clk 0:07:55]} 30. Re1
{[%clk 0:02:54]} Bf5 {[%clk 0:06:25]} 31. Re3 {[%clk 0:03:08]} Ne6
{[%clk 0:06:24]} 32. Nd2 {[%clk 0:03:06]} Qc5 {[%clk 0:05:29]} 33. Qf2
{[%clk 0:01:56]} Nf4 {[%clk 0:05:52]} 34. Kf1 {[%clk 0:02:02]} Nd5
{[%clk 0:05:17]} 35. Rxe4 {[%clk 0:01:27]} Qxf2+ {[%clk 0:04:31]} 36. Kxf2
{[%clk 0:01:56]} Bxe4 {[%clk 0:04:55]} 37. Nxe4 {[%clk 0:02:23]} Nf6
{[%clk 0:03:03]} 38. Ng5 {[%clk 0:01:29]} Nd7 {[%clk 0:02:11]} 39. Ne6+
{[%clk 0:01:11]} Kf6 {[%clk 0:01:35]} 40. Nc7 {[%clk 0:31:35]} a5
{[%clk 0:31:45]} 41. Ke3 {[%clk 0:28:56]} Kf5 {[%clk 0:29:10]} 42. Nd5
{[%clk 0:27:11]} g5 {[%clk 0:27:00]} 43. h3 {[%clk 0:26:10]} h5 {[%clk 0:27:09]}
44. c4 {[%clk 0:25:14]} g4 {[%clk 0:20:39]} 45. hxg4+ {[%clk 0:25:33]} Kxg4
{[%clk 0:20:53]} 46. Kf2 {[%clk 0:24:22]} Kf5 {[%clk 0:19:45]} 47. Kf3
{[%clk 0:23:50]} Ke6 {[%clk 0:18:49]} 48. Ke3 {[%clk 0:21:21]} Kd6
{[%clk 0:18:47]} 49. Kd2 {[%clk 0:21:41]} h4 {[%clk 0:18:19]} 50. Ne3
{[%clk 0:21:45]} Kc5 {[%clk 0:18:17]} 51. Kc3 {[%clk 0:21:39]} Nf6
{[%clk 0:17:38]} 52. Nf5 {[%clk 0:21:01]} h3 {[%clk 0:17:23]} 53. Ng3
{[%clk 0:21:22]} h2 {[%clk 0:17:03]} 54. Nh1 {[%clk 0:21:32]} Ne4+
{[%clk 0:16:55]} 55. Kd3 {[%clk 0:21:47]} Nd6 {[%clk 0:17:20]} 56. Kd4+ 0-1

[Event "2012 U.S. Women's Championship"]
[Site "Saint Louis, MO, USA"]
[Date "2012.05.19"]
[Round "9.5"]
[White "Melekhina, Alisa"]
[Black "Ni, Viktoria"]
[Result "0-1"]
[LiveChessVersion "1.3.1"]
[BlackElo "2228"]
[WhiteElo "2244"]

1. d4 {[%clk 1:30:41]} Nf6 {[%clk 1:30:49]} 2. Nf3 {[%clk 1:31:05]} g6
{[%clk 1:31:11]} 3. c4 {[%clk 1:31:28]} Bg7 {[%clk 1:31:39]} 4. Nc3
{[%clk 1:31:49]} d6 {[%clk 1:32:06]} 5. e4 {[%clk 1:32:03]} O-O {[%clk 1:32:32]}
6. Be2 {[%clk 1:32:23]} e5 {[%clk 1:32:53]} 7. O-O {[%clk 1:32:37]} Nc6
{[%clk 1:27:48]} 8. d5 {[%clk 1:32:36]} Ne7 {[%clk 1:28:16]} 9. Ne1
{[%clk 1:32:47]} Nd7 {[%clk 1:28:31]} 10. Nd3 {[%clk 1:32:43]} f5
{[%clk 1:28:03]} 11. Bd2 {[%clk 1:32:38]} Nf6 {[%clk 1:12:17]} 12. f3
{[%clk 1:32:53]} f4 {[%clk 1:10:04]} 13. c5 {[%clk 1:32:53]} g5 {[%clk 1:09:04]}
14. cxd6 {[%clk 1:33:09]} cxd6 {[%clk 1:09:32]} 15. Nf2 {[%clk 1:33:08]} Rf7
{[%clk 1:08:12]} 16. Qc2 {[%clk 1:32:37]} Bf8 {[%clk 1:05:08]} 17. Nb5
{[%clk 1:29:56]} Ng6 {[%clk 1:04:46]} 18. Rfc1 {[%clk 1:28:50]} Ne8
{[%clk 0:56:26]} 19. Nxa7 {[%clk 1:21:59]} Rc7 {[%clk 0:56:11]} 20. Ba5
{[%clk 1:21:42]} Rxc2 {[%clk 0:53:03]} 21. Bxd8 {[%clk 1:22:05]} Rxe2
{[%clk 0:50:38]} 22. Nxc8 {[%clk 1:22:15]} Rxb2 {[%clk 0:50:48]} 23. a4
{[%clk 1:17:03]} h6 {[%clk 0:44:55]} 24. a5 {[%clk 1:15:09]} Kf7 {[%clk 0:41:34]}
25. Bb6 {[%clk 1:11:58]} Be7 {[%clk 0:35:43]} 26. Kf1 {[%clk 1:01:56]} Bf8
{[%clk 0:31:16]} 27. Rc3 {[%clk 0:55:10]} Be7 {[%clk 0:26:03]} 28. Rac1
{[%clk 0:43:19]} Kf8 {[%clk 0:16:08]} 29. Nd3 {[%clk 0:40:50]} Rd2
{[%clk 0:15:45]} 30. Ra3 {[%clk 0:38:10]} g4 {[%clk 0:13:06]} 31. Nxe7
{[%clk 0:20:12]} Nxe7 {[%clk 0:12:27]} 32. fxg4 {[%clk 0:18:29]} Nf6
{[%clk 0:11:00]} 33. Nf2 {[%clk 0:17:45]} Rb2 {[%clk 0:11:04]} 34. Rac3
{[%clk 0:13:31]} Ne8 {[%clk 0:10:20]} 35. h4 {[%clk 0:06:36]} Kf7
{[%clk 0:09:54]} 36. g3 {[%clk 0:05:51]} fxg3 {[%clk 0:08:55]} 37. Rxg3
{[%clk 0:06:18]} Ng6 {[%clk 0:09:09]} 38. Rf3+ {[%clk 0:05:24]} Kg8
{[%clk 0:08:53]} 39. Nd3 {[%clk 0:04:21]} Nxh4 {[%clk 0:07:33]} 40. Rh3
{[%clk 0:33:28]} Rb3 {[%clk 0:36:02]} 41. Ke2 {[%clk 0:27:45]} Ng6
{[%clk 0:34:08]} 42. Rxh6 {[%clk 0:27:58]} Kg7 {[%clk 0:34:10]} 43. g5
{[%clk 0:28:09]} Ra3 {[%clk 0:31:38]} 44. Rc2 {[%clk 0:21:25]} Ra4
{[%clk 0:24:29]} 45. Ke3 {[%clk 0:19:01]} Ra3 {[%clk 0:24:49]} 46. Kd2
{[%clk 0:18:12]} Ra4 {[%clk 0:24:43]} 47. Nf2 {[%clk 0:13:47]} Ra3
{[%clk 0:17:08]} 48. Rh3 {[%clk 0:11:53]} Ra4 {[%clk 0:13:00]} 49. Rhc3
{[%clk 0:11:44]} Ne7 {[%clk 0:13:15]} 50. Kd3 {[%clk 0:06:23]} Ra1
{[%clk 0:12:23]} 51. Ng4 {[%clk 0:05:46]} Rd1+ {[%clk 0:11:39]} 52. Ke2
{[%clk 0:05:59]} Rh1 {[%clk 0:11:27]} 53. Rf3 {[%clk 0:02:50]} Ng6
{[%clk 0:10:21]} 54. Kf2 {[%clk 0:01:51]} Rh4 {[%clk 0:09:45]} 55. Kg3
{[%clk 0:01:44]} Rh5 {[%clk 0:09:34]} 56. Rh2 {[%clk 0:01:03]} Rxh2
{[%clk 0:03:26]} 57. Kxh2 {[%clk 0:01:28]} Rc8 {[%clk 0:03:32]} 58. Nf6
{[%clk 0:01:42]} Rc2+ {[%clk 0:02:33]} 59. Kg1 {[%clk 0:01:30]} Rc1+
{[%clk 0:01:44]} 60. Kf2 {[%clk 0:01:54]} Rc2+ {[%clk 0:01:07]} 61. Ke1
{[%clk 0:02:04]} Nxf6 {[%clk 0:01:33]} 62. Rxf6 {[%clk 0:02:07]} Rc4
{[%clk 0:01:28]} 63. Rxd6 {[%clk 0:02:23]} Rxe4+ {[%clk 0:01:55]} 64. Kd2
{[%clk 0:02:35]} Nf4 {[%clk 0:01:11]} 65. Rd7+ {[%clk 0:02:17]} Kg6
{[%clk 0:01:38]} 66. Rxb7 {[%clk 0:02:16]} Nxd5 {[%clk 0:01:59]} 67. Bd8
{[%clk 0:01:01]} Rd4+ {[%clk 0:01:55]} 68. Kc1 {[%clk 0:01:07]} e4
{[%clk 0:01:42]} 69. a6 {[%clk 0:00:43]} e3 {[%clk 0:01:23]} 70. a7
{[%clk 0:00:59]} Ra4 {[%clk 0:00:48]} 71. Kd1 {[%clk 0:00:40]} Nc3+
{[%clk 0:00:44]} 72. Kc2 {[%clk 0:01:05]} e2 {[%clk 0:01:02]} 73. Re7
{[%clk 0:01:03]} Rxa7 {[%clk 0:00:53]} 74. Re6+ {[%clk 0:00:37]} Kf7
{[%clk 0:00:39]} 75. Re5 {[%clk 0:00:34]} Rd7 {[%clk 0:00:45]} 76. Ba5
{[%clk 0:00:35]} Rd5 {[%clk 0:00:50]} 77. g6+ {[%clk 0:00:49]} Kxg6
{[%clk 0:00:58]} 78. Re8 {[%clk 0:00:34]} Kf7 {[%clk 0:01:24]} 79. Re3
{[%clk 0:00:34]} Rxa5 {[%clk 0:01:52]} 80. Rf3+ {[%clk 0:00:33]} Ke6
{[%clk 0:01:54]} 81. Kd2 {[%clk 0:00:31]} Ra2+ {[%clk 0:02:06]} 0-1